000 00285nam a2200121Ia 4500
100 _aJensen/Louis E./ Brazier/W.A
942 _cBK
654 _aAutomobile
245 _aAutomobile Science & Technology
260 _bTaraporevala Sons & Co
_c2001
300 _a178
546 _aENGLISH
999 _c22532
_d22532